| 000 | 00405nam a2200133 4500 | ||
|---|---|---|---|
| 245 |
_aPrime Minister _cAnthony Trollope; with a preface by L.S.Amery;Illustrations by Hector Whistler |
||
| 100 | _aTrollope,Anthony | ||
| 710 | _aAmery,L.S | ||
| 710 | _aWhistler,Hector | ||
| 260 |
_aLondon _bOxford University Press _c1973 |
||
| 300 | _a2v.in1. ill.; 19cm | ||
| 490 | _aPalliser novels | ||
| 082 |
_a823.8 _b TROpri |
||
| 999 |
_c637 _d637 |
||